000
00280nam a22001337a 4500
008
171218b xxu||||| |||| 00| 0 eng d
020
_a
9780078745195
041
_a
eng
080
_a
316
100
_a
50
101
_a
SOC
245
_a
SOCIOLOGY
_c
SHEPARD.J.M
942
_2
udc
_c
BK
999
_c
39092
_d
39092